000 00735nam a22002297a 4500
003 UA-OsUOA
001 43104
007 ta
008 20090520b un ||||| |||| 00| 0 ukr d
100 _aІларіон
090 _a82(ІДВ)
_bИ99
942 _cBK
040 _aUA-OsUOA
_bukr
_cUA-OsUOA
_dUA-OsUOA
245 _aРелігійність Тараса Шевченка
_bювілейне видання з приводу 150-ліття з дня народження Тараса Шевченка (1814-1964)
300 _a104 с.
955 _a1
041 _aukr
080 _a82(ІДВ)
260 _aВінніпег
_c1964
650 7 _a82 Література. Літературознавство
_2UDC
999 _c441548
_d441548